Szczegóły MARC21

Nauka jazdy na łyżwach i gry w hokeja na lekcjach wychowania fizycznego /

005 -DATA I CZAS OSTATNIEJ MODYFIKACJI [,]
    • @
    • pole kontrolne
    • 20121227122955.0
020 -Międzynarod. znormalizowany nr książki - ISBN [ , ]
    • a
    • Numer ISBN
    • 9788376963266 Find
040 -Instytucja sporządzająca opis [ , ]
    • a
    • Instytucja, która sporządziła opis (NP)
    • SZCZ U/KLR
    • c
    • Instytucja, która sporządziła rekord (NP)
    • SZCZ U/KLR
    • d
    • Instytucja, która zmodyfikowała rekord (P)
    • SZCZ U/AP
041 -Język dokumentu [0, ]
    • a
    • Język tekstu (P)
    • polski
044 -Kraj miejsca wydania [ , ]
    • a
    • Kraj miejsca wydania
    • Polska
942 -Rodzaj dokumentu [ , ]
    • c
    • Rodzaj dokumentu
    • Książka
100 -Hasło główne - nazwa osobowa [1, ]
    • 9
    • KHW
    • 658997
    • a
    • Nazwa osobowa (NP)
    • Korpak, Lidia.
245 -Strefa tytułu i oznaczenia odpowiedzialności [1,0]
    • a
    • Tytuł
    • Nauka jazdy na łyżwach i gry w hokeja na lekcjach wychowania fizycznego / Find
    • c
    • Pozostałe elementy strefy tytułu i oznaczenia odpowiedzialności (NP)
    • Lidia Korpak.
246 -Wariant tytułu [1,3]
    • a
    • Tytuł (NP)
    • Łyżwiarska pasja.
260 -Strefa adresu wydawniczego [ , ]
    • a
    • Miejsce wydania (P)
    • Warszawa :
    • b
    • Nazwa wydawcy (P)
    • Josef Raabe Spółka Wydawnicza,
    • c
    • Data wydania (P)
    • cop. 2011.
300 -Strefa opisu fizycznego [ , ]
    • a
    • Określenie formy książki i/lub objętość (NP)
    • 40 s. :
    • b
    • Oznaczenie ilustracji (NP)
    • il. ;
    • c
    • Format (NP)
    • 30 cm.
490 -Strefa serii i książki wielotomowej - forma nie do wyszukiwania [1, ]
    • a
    • Tytuł (P)
    • Twoje Lekcje Find
830 -Hasło dodatkowe serii i opisu książki wielotomowej - tytuł ujednolicony/tytuł [ ,0]
    • 9
    • KHW
    • 571302
    • a
    • Tytuł ujednolicony/tytuł (NP)
    • Twoje Lekcje
500 -Uwaga ogólna [ , ]
    • a
    • Uwaga ogólna (NP)
    • Opis wg okł.
080 -Uniwersalna Klasyfikacja Dziesiętna [ , ]
    • 2
    • Identyfikator wydania tablic
    • UDC-P058
    • 9
    • UKD
    • 9914
    • a
    • Symbol klasyfikacji
    • 37.016:796
    • b
    • Dopowiedzenie
    • Nauczanie wychowania fizycznego.
080 -Uniwersalna Klasyfikacja Dziesiętna [ , ]
    • 2
    • Identyfikator wydania tablic
    • UDC-P058
    • 9
    • UKD
    • 6339
    • a
    • Symbol klasyfikacji
    • 796.9
    • b
    • Dopowiedzenie
    • Sporty zimowe. Łyżwiarstwo. Saneczkarstwo. Snowboard. Bojery. Hokej na lodzie.
980 -Symbol UKD [ , ]
    • a
    • UKD
    • 37.016:796:796.9
920 -ISBN [ , ]
    • a
    • ISBN
    • 978-83-7696-326-6 Find
Sygnatura Status udost. Lokalizacja Data inwentaryzacji Numer inwentarzowy
WF - Lekcja 131BM2012-12-12WF.9215